Of delinquency and crime: a panorama of years of search and research
| Autores principales: | ; |
|---|---|
| Tipo de documento: | Print Libro |
| Lenguaje: | Inglés |
| Publicado: |
Springfield
Thomas
1974
|
| En: |
Publications of the Criminal Law Education and Research Center (8)
Año: 1974 |
| Disponibilidad en Tübingen: | Disponible en Tübingen. IFK: D X 50 UB: KB 3 A 872 |
| Verificar disponibilidad: | HBZ Gateway |
| Servicio de pedido Subito: | Pedir ahora. |
| Palabras clave: |
MARC
| LEADER | 00000cam a2200000 c 4500 | ||
|---|---|---|---|
| 001 | 1075459044 | ||
| 003 | DE-627 | ||
| 005 | 20251224215327.0 | ||
| 007 | tu | ||
| 008 | 850101s1974 xxu||||| 00| ||eng c | ||
| 010 | |a 73013684 | ||
| 020 | |a 039802989X |9 0-398-02989-X | ||
| 035 | |a (DE-627)1075459044 | ||
| 035 | |a (DE-576)005459044 | ||
| 035 | |a (DE-599)BSZ005459044 | ||
| 035 | |a (OCoLC)700689 | ||
| 035 | |a (OCoLC)00700689 | ||
| 040 | |a DE-627 |b ger |c DE-627 |e rakwb | ||
| 041 | |a eng | ||
| 044 | |c XD-US | ||
| 050 | 0 | |a HV9069 | |
| 082 | 0 | |a 364.36 | |
| 100 | 1 | |a Glueck, Sheldon |d 1896-1980 |0 (DE-588)102111774 |0 (DE-627)679261117 |0 (DE-576)161133061 |4 aut | |
| 109 | |a Glueck, Sheldon 1896-1980 |a Glueck, Sol S. 1896-1980 |a Glueck, Sol Sheldon 1896-1980 |a Glueck, S. Sheldon 1896-1980 |a Guryukku, Shierudon 1896-1980 | ||
| 245 | 1 | 0 | |a Of delinquency and crime |b a panorama of years of search and research |c Sheldon Glueck; Eleanor Glueck |
| 264 | 1 | |a Springfield |b Thomas |c 1974 | |
| 300 | |a 372 S. | ||
| 336 | |a Text |b txt |2 rdacontent | ||
| 337 | |a ohne Hilfsmittel zu benutzen |b n |2 rdamedia | ||
| 338 | |a Band |b nc |2 rdacarrier | ||
| 490 | 1 | |a Publications of the Criminal Law Education and Research Center |v 8 | |
| 500 | |a Includes bibliographical references | ||
| 583 | 1 | |a Archivierung prüfen |c 20240324 |f DE-4165 |z 1 |2 pdager | |
| 650 | 0 | |a Juvenile Delinquency | |
| 650 | 0 | |a Criminal behavior, Prediction of | |
| 650 | 0 | |a Criminal justice, Administration of | |
| 700 | 1 | |a Glueck, Eleanor Touroff |d 1898-1972 |0 (DE-588)125827822 |0 (DE-627)370707265 |0 (DE-576)161132863 |4 aut | |
| 810 | 2 | |a New York University |b Criminal Law Education and Research Center |t Publications of the Criminal Law Education and Research Center |v 8 |9 8 |w (DE-627)131083481 |w (DE-576)432996680 |w (DE-600)1113549-9 |7 am | |
| 889 | |w (DE-627)196901030 | ||
| 935 | |i mdedup | ||
| 951 | |a BO | ||
| ELC | |b 1 | ||
| LOK | |0 000 xxxxxcx a22 zn 4500 | ||
| LOK | |0 001 2041741686 | ||
| LOK | |0 003 DE-627 | ||
| LOK | |0 004 1075459044 | ||
| LOK | |0 005 20010607000000 | ||
| LOK | |0 008 960412||||||||||||||||ger||||||| | ||
| LOK | |0 040 |a DE-21 |c DE-627 |d DE-21 | ||
| LOK | |0 852 |a DE-21 | ||
| LOK | |0 852 1 |c KB 3 A 872 |9 00 | ||
| LOK | |0 935 |a krim | ||
| LOK | |0 939 |a 12-04-96 |b l01 | ||
| LOK | |0 000 xxxxxcx a22 zn 4500 | ||
| LOK | |0 001 2041741694 | ||
| LOK | |0 003 DE-627 | ||
| LOK | |0 004 1075459044 | ||
| LOK | |0 005 20141117142757 | ||
| LOK | |0 008 930908||||||||||||||||ger||||||| | ||
| LOK | |0 040 |a DE-21-110 |c DE-627 |d DE-21-110 | ||
| LOK | |0 689 |a s |a Verlaufsstudien | ||
| LOK | |0 852 |a DE-21-110 | ||
| LOK | |0 852 1 |c D X 50 |m p |9 00 | ||
| LOK | |0 935 |a k110 | ||
| LOK | |0 936ln |a 11.1.2.7 | ||
| LOK | |0 938 |k p | ||
| LOK | |0 939 |a 08-09-93 |b l01 | ||
| ORI | |a SA-MARC-krimdoka001.raw | ||
| SIG | |a IFK: D X 50 | ||
| SIG | |a UB: KB 3 A 872 | ||
